000 00650nam a22001817a 4500
003 UA-OsUOA
001 13764
007 ta
008 20030621b un ||||| |||| 00| 0 ukr d
100 _aАндрійчук С.
942 _cSA
040 _aUA-OsUOA
_cUA-OsUOA
_dUA-OsUOA
245 _aПерша п'ятирічка департаменту покарань
_b[Про роботу Держ. департаменту з питань викон. покарань у Рівнен. обл.]
300 _aС.4
955 _a0
773 0 _w0
_tОго
_dРівне
_d2003
_g№75/24 квіт./
650 7 _aДепартамент покарань
_2UDC
999 _c299925
_d299925